Fictional Detectives Quiz Stats

Quiz Updated Mar 22, 2013

Also try: Famous Doctors
Challenge
Share
Tweet
Score 0/20 Timer 04:00
2 Plays Today
Detective % Correct
Sherlock Holmes
93.5%
Adrian Monk
83.7%
Thomas Magnum
73.1%
Frank Columbo
68%
Harry Callahan
65.1%
Dick Tracy
64.1%
Theodore Kojak
61.6%
Hercule Poirot
59%
Jane Marple
56.9%
Jacques Clouseau
46.6%
Detective % Correct
Clarice Starling
41.4%
Jim Rockford
40.8%
Jessica Fletcher
36.6%
Barnaby Jones
31.9%
Sam Spade
29.2%
Popeye Doyle
24%
Endeavour Morse
21.1%
Mike Hammer
18.2%
Samuel Gerard
10.8%
Rick Deckard
10.3%

You're not logged in!

Compare scores with friends on all Sporcle quizzes.
Join for Free
OR
Log In

You Might Also Like...

Show Comments

Extras

Top Quizzes Today


Score Distribution

Your Account Isn't Verified!

In order to create a playlist on Sporcle, you need to verify the email address you used during registration. Go to your Sporcle Settings to finish the process.

Report this User

Report this user for behavior that violates our Community Guidelines.

Details: